[Event "2. Bundesliga Ost 2017/2018"]
[Site "alle Wien"]
[Date "2017.10.21"]
[Round "1"]
[Board "6"]
[White "Gratze, Michael"]
[Black "Foerderreuther, Jonas"]
[Result "1-0"]
[WhiteElo "1968"]
[BlackElo "2012"]
[PlyCount "81"]
[EventDate "2017.10.21"]
[EventType "team"]
[EventRounds "11"]
[EventCountry "AUT"]
[WhiteTeam "Blackburne Nickelsdorf"]
[BlackTeam "tschaturanga"]

1. e4 c6 2. d4 d5 3. e5 Bf5 4. h4 h5 5. Bd3 Bxd3 6. Qxd3 e6 7. Bg5 Be7 8. Nf3
Nd7 9. Nbd2 Nh6 10. Bxh6 Rxh6 11. Nb3 a5 12. a4 Rg6 13. g3 Qb6 14. Ng5 c5 15.
Qb5 c4 16. Qxb6 Nxb6 17. Nd2 Bxg5 18. hxg5 Rxg5 19. Nf3 Rf5 20. Nh4 Rg5 21. Nf3
Rf5 22. Ke2 Ke7 23. Nh4 Rg5 24. Nf3 Rf5 25. c3 f6 26. exf6+ Rxf6 27. Ne5 g6 28.
g4 Raf8 29. f3 Nd7 30. g5 Rf5 31. Nxg6+ Kf7 32. Nxf8 Nxf8 33. Rxh5 Ng6 34. Rh7+
Kg8 35. Rxb7 Rxg5 36. Ke3 Nh4 37. Rh1 Ng2+ 38. Kf2 Nf4 39. Rh4 Nd3+ 40. Ke3 Rg1
41. Rg4+  1-0

[Event "2. Bundesliga Ost 2017/2018"]
[Site "alle Wien"]
[Date "2017.10.21"]
[Round "1"]
[Board "1"]
[White "Schroll, Gerhard"]
[Black "Stanec, Nikolaus"]
[Result "0-1"]
[WhiteElo "2293"]
[BlackElo "2470"]
[PlyCount "90"]
[EventDate "2017.10.21"]
[EventType "team"]
[EventRounds "11"]
[EventCountry "AUT"]
[WhiteTeam "ASVOE Mattersburg"]
[BlackTeam "SC Donaustadt"]

1. e4 g6 2. d4 Bg7 3. Nf3 d6 4. Nc3 Nf6 5. Be3 O-O 6. Qd2 Bg4 7. Bd3 Bxf3 8.
gxf3 e5 9. dxe5 dxe5 10. O-O-O Nbd7 11. Ne2 Qe7 12. Ng3 Rfd8 13. Rdg1 Nc5 14.
h4 Nxd3+ 15. cxd3 Qe6 16. Kb1 Qa6 17. Rd1 Rd7 18. Qc2 Rad8 19. Rd2 Rxd3 20.
Rhd1 Rxd2 21. Rxd2 Rxd2 22. Qxd2 Bf8 23. Qd8 Qd6 24. Qxd6 Bxd6 25. Bxa7 b6 26.
Nf1 h5 27. Kc2 Nd7 28. a4 Nc5 29. b3 Na6 30. Kd3 Bc5 31. Kc4 c6 32. b4 Bxb4 33.
Bxb6 Be7 34. Kd3 Bxh4 35. Ke2 Bg5 36. Be3 Bd8 37. Nd2 Bc7 38. Nb3 Kf8 39. Nc1
f6 40. Nd3 g5 41. Nc1 Ke7 42. Kd3 h4 43. Ne2 Kd6 44. Kc4 Ba5 45. Ng1 Nc7  0-1

[Event "2. Bundesliga Ost 2017/2018"]
[Site "alle Wien"]
[Date "2017.10.21"]
[Round "1"]
[Board "2"]
[White "Kummer, Helmut"]
[Black "Certek, Pavel"]
[Result "1/2-1/2"]
[WhiteElo "2285"]
[BlackElo "2256"]
[PlyCount "91"]
[EventDate "2017.10.21"]
[EventType "team"]
[EventRounds "11"]
[EventCountry "AUT"]
[WhiteTeam "SC Donaustadt"]
[BlackTeam "ASVOE Mattersburg"]

1. d4 Nf6 2. c4 g6 3. Nc3 d5 4. cxd5 Nxd5 5. e4 Nxc3 6. bxc3 Bg7 7. Bc4 c5 8.
Ne2 Nc6 9. Be3 cxd4 10. cxd4 Qa5+ 11. Bd2 Qa3 12. Bc3 O-O 13. Qb3 Qxb3 14. Bxb3
Rd8 15. Rd1 b6 16. d5 Bxc3+ 17. Nxc3 Na5 18. f3 Ba6 19. Kf2 Rac8 20. Rc1 Kg7
21. Bd1 Rc5 22. Be2 Bxe2 23. Nxe2 Rdc8 24. Rxc5 Rxc5 25. Rc1 Rxc1 26. Nxc1 Nc4
27. Ke2 e5 28. Kd3 Nd6 29. Ne2 f5 30. g3 Kf6 31. Nc3 b5 32. a4 bxa4 33. Nxa4
fxe4+ 34. fxe4 Ke7 35. Nc5 Ne8 36. Nb7 Nf6 37. Na5 a6 38. Nc4 Nd7 39. Ke3 Kf6
40. h4 h5 41. Na5 g5 42. Nb7 gxh4 43. gxh4 Ke7 44. Kd3 Nf6 45. Na5 Nd7 46. Nb7
 1/2-1/2

[Event "2. Bundesliga Ost 2017/2018"]
[Site "alle Wien"]
[Date "2017.10.21"]
[Round "1"]
[Board "3"]
[White "Petran, Peter"]
[Black "Pingitzer, Harald"]
[Result "1-0"]
[WhiteElo "2315"]
[BlackElo "2330"]
[PlyCount "120"]
[EventDate "2017.10.21"]
[EventType "team"]
[EventRounds "11"]
[EventCountry "AUT"]
[WhiteTeam "ASVOE Mattersburg"]
[BlackTeam "SC Donaustadt"]

1. c4 c6 2. Nf3 d5 3. b3 Nf6 4. Bb2 g6 5. Bxf6 exf6 6. e3 Bg7 7. Nc3 Be6 8.
cxd5 Bxd5 9. Nxd5 Qxd5 10. Bc4 Qd6 11. d4 Nd7 12. O-O O-O 13. Qc2 Nb6 14. Rfd1
f5 15. Rac1 Rfe8 16. a4 a5 17. g3 Bf6 18. Ne1 h5 19. Nf3 Kg7 20. h4 Re4 21. Bd3
Re6 22. Qc5 Qd8 23. Bf1 Nd5 24. Bg2 Nb4 25. Ne5 Rb8 26. Rb1 Qc7 27. Nf3 Rd8 28.
Qc4 Qe7 29. Rbc1 Na2 30. Rc2 Nb4 31. Rcd2 Rd7 32. Kh1 Qd8 33. Ng1 Red6 34. Nh3
Re7 35. Nf4 Red7 36. Kg1 Be5 37. Nh3 Bf6 38. Bf3 Re7 39. Kg2 Red7 40. Qc5 Na6
41. Qc2 Nb4 42. Qc4 Re7 43. Qc3 Red7 44. Nf4 Kh6 45. Qc5 Na6 46. Qc4 Nb4 47.
Qe2 Be5 48. Nh3 c5 49. Qc4 cxd4 50. exd4 Bxd4 51. Ng5 Qf6 52. Qc8 Kg7 53. Bxb7
Qd8 54. Nf3 Be5 55. Rxd6 Qxc8 56. Rxd7 Qc3 57. Ng5 Bf6 58. Rxf7+ Kg8 59. Rfd7
Nc2 60. Bd5+ Kf8  1-0

[Event "2. Bundesliga Ost 2017/2018"]
[Site "alle Wien"]
[Date "2017.10.21"]
[Round "1"]
[Board "4"]
[White "Exler, Veronika"]
[Black "Strodl, Joachim"]
[Result "1/2-1/2"]
[WhiteElo "2175"]
[BlackElo "2164"]
[PlyCount "65"]
[EventDate "2017.10.21"]
[EventType "team"]
[EventRounds "11"]
[EventCountry "AUT"]
[WhiteTeam "SC Donaustadt"]
[BlackTeam "ASVOE Mattersburg"]

1. d4 Nf6 2. c4 g6 3. Nf3 Bg7 4. g3 c5 5. Bg2 O-O 6. O-O cxd4 7. Nxd4 Nc6 8.
Nc3 Nxd4 9. Qxd4 d6 10. Qd2 Qc7 11. b3 Bd7 12. Bb2 Bc6 13. e4 a5 14. Rac1 Nd7
15. Nd5 Bxd5 16. Bxg7 Kxg7 17. exd5 b6 18. Rfe1 Nf6 19. Re3 Rfe8 20. Rce1 Ra7
21. Qd4 Qc5 22. Qh4 a4 23. Rf3 axb3 24. axb3 Qa5 25. Rfe3 Qd2 26. R3e2 Qc3 27.
Re3 Qb2 28. Bf1 h6 29. R1e2 Qa1 30. Re1 Qb2 31. R1e2 Qa1 32. Re1 Qb2 33. R1e2
 1/2-1/2

[Event "2. Bundesliga Ost 2017/2018"]
[Site "alle Wien"]
[Date "2017.10.21"]
[Round "1"]
[Board "5"]
[White "Salamon, Werner"]
[Black "Sandhu, Mario"]
[Result "0-1"]
[WhiteElo "2162"]
[BlackElo "2282"]
[PlyCount "72"]
[EventDate "2017.10.21"]
[EventType "team"]
[EventRounds "11"]
[EventCountry "AUT"]
[WhiteTeam "ASVOE Mattersburg"]
[BlackTeam "SC Donaustadt"]

1. e4 c6 2. d4 d5 3. exd5 cxd5 4. Bd3 Nf6 5. c3 g6 6. Nf3 Bg7 7. O-O O-O 8. Qb3
Nc6 9. h3 Qc7 10. Bg5 Rd8 11. Re1 Nh5 12. Nbd2 Nf4 13. Bf1 h6 14. Bh4 Nh5 15.
g4 Nf4 16. Bg3 g5 17. Bg2 Be6 18. Qb5 Qd7 19. Qf1 Nxg2 20. Qxg2 f6 21. Nb3 b6
22. Kh2 h5 23. gxh5 Bf7 24. h6 Bxh6 25. a4 Bg6 26. Nfd2 a5 27. Nf3 Kf7 28. Nbd2
Rh8 29. Re2 Bd3 30. Re3 Bf5 31. Re2 g4 32. Nh4 Bxd2 33. Nxf5 Qxf5 34. Rxd2
Rxh3+ 35. Kg1 Rah8 36. c4 Qf3  0-1

[Event "2. Bundesliga Ost 2017/2018"]
[Site "alle Wien"]
[Date "2017.10.21"]
[Round "1"]
[Board "6"]
[White "Sekyra, Michael"]
[Black "Wiedner, Robert"]
[Result "0-1"]
[WhiteElo "2099"]
[BlackElo "2157"]
[PlyCount "124"]
[EventDate "2017.10.21"]
[EventType "team"]
[EventRounds "11"]
[EventCountry "AUT"]
[WhiteTeam "SC Donaustadt"]
[BlackTeam "ASVOE Mattersburg"]

1. e4 Nf6 2. e5 Nd5 3. d4 d6 4. Nf3 Bf5 5. c4 Nb6 6. Be2 e6 7. exd6 cxd6 8. O-O
Be7 9. Nc3 O-O 10. b3 Nc6 11. Bb2 Bf6 12. Qd2 Re8 13. Rfe1 Ne7 14. h3 h6 15.
Rad1 Bg6 16. Qf4 a6 17. Bf1 d5 18. c5 Nd7 19. a3 Bc2 20. b4 Bxd1 21. Rxd1 Nc6
22. Kh1 Nf8 23. b5 Ng6 24. Qc1 axb5 25. Nxb5 Nh4 26. Nxh4 Bxh4 27. g3 Be7 28.
Qf4 Ra4 29. Bd3 e5 30. Qf5 e4 31. Bc2 Ra5 32. Nc3 g6 33. Qxd5 Qxd5 34. Nxd5 Bd8
35. Ne3 f5 36. Nc4 Ra6 37. g4 fxg4 38. Nd6 Rf8 39. Rd2 Bg5 40. Re2 Rf3 41. Bxe4
Rxh3+ 42. Kg2 Nd8 43. Nxb7 Nxb7 44. Bxb7 Ra5 45. c6 Bf4 46. Re4 Bc7 47. Re7
Rh2+ 48. Kg1 g3 49. fxg3 Bxg3 50. Re3 Bc7 51. Bc3 Rg5+ 52. Kf1 Rf5+ 53. Ke1
Rff2 54. d5 Rc2 55. Kd1 Bf4 56. c7 Bxc7 57. d6 Bxd6 58. Bd5+ Kh7 59. Rf3 Rhf2
60. Rf7+ Rxf7 61. Kxc2 Rc7 62. Kb3 Bxa3  0-1

[Event "2. Bundesliga Ost 2017/2018"]
[Site "alle Wien"]
[Date "2017.10.21"]
[Round "1"]
[Board "1"]
[White "Neubauer, Martin"]
[Black "Polak, Tomas"]
[Result "1/2-1/2"]
[WhiteElo "2439"]
[BlackElo "2503"]
[PlyCount "43"]
[EventDate "2017.10.21"]
[EventType "team"]
[EventRounds "11"]
[EventCountry "AUT"]
[WhiteTeam "L.A. Kraftanlage Ottakring 2"]
[BlackTeam "SK Hietzing"]

1. e4 c6 2. d4 d5 3. e5 Bf5 4. h4 h5 5. Bd3 Bxd3 6. Qxd3 e6 7. Bg5 Qa5+ 8. Nd2
Qa6 9. c4 Nd7 10. Ngf3 Ne7 11. O-O Nf5 12. Qc3 dxc4 13. Nxc4 Nb6 14. Ne3 Ne7
15. a3 Ned5 16. Qc2 Rc8 17. Nd2 Qa4 18. Qe4 Qb5 19. Qc2 Qa4 20. Qe4 Qb5 21. Qc2
Qa4 22. Qe4  1/2-1/2

[Event "2. Bundesliga Ost 2017/2018"]
[Site "alle Wien"]
[Date "2017.10.21"]
[Round "1"]
[Board "2"]
[White "Pisk, Petr"]
[Black "Schneider-Zinner, Harald"]
[Result "1/2-1/2"]
[WhiteElo "2333"]
[BlackElo "2408"]
[PlyCount "152"]
[EventDate "2017.10.21"]
[EventType "team"]
[EventRounds "11"]
[EventCountry "AUT"]
[WhiteTeam "SK Hietzing"]
[BlackTeam "L.A. Kraftanlage Ottakring 2"]

1. Nf3 Nf6 2. g3 b6 3. Bg2 Bb7 4. O-O c5 5. c4 g6 6. b3 Bg7 7. Bb2 O-O 8. Nc3
d6 9. e3 a6 10. d4 cxd4 11. Nxd4 Bxg2 12. Kxg2 Ra7 13. Rc1 Qd7 14. Qf3 Rc8 15.
Nd5 Nxd5 16. cxd5 Rac7 17. Rxc7 Rxc7 18. h4 h5 19. e4 Rc5 20. Ba1 Qc8 21. a4
Rc1 22. Nc6 Rxc6 23. dxc6 Bxa1 24. Rxa1 Qxc6 25. Qe3 Nd7 26. Rc1 Qb7 27. f3 a5
28. Qc3 Nc5 29. Qc4 Qd7 30. Rd1 Qc6 31. Rd5 Qc8 32. Rd2 Qc6 33. Re2 Qd7 34. Rd2
Qc6 35. Rd5 Qc8 36. e5 Qe6 37. exd6 exd6 38. Rd2 Qf6 39. Qd4 Qe6 40. Qc4 Qe5
41. Qd4 Qe6 42. Qxd6 Qxb3 43. Qf6 Ne6 44. Qb2 Qxa4 45. Qxb6 Qa3 46. Qb8+ Nf8
47. Qb2 Qe7 48. Rd5 Qa7 49. Rd8 Qc5 50. Qd4 Qe7 51. Ra8 Qc7 52. Qd2 Qc6 53.
Rxa5 Ne6 54. Ra2 Qc5 55. Ra8+ Kh7 56. Qb2 Ng7 57. Rd8 Qe7 58. Rb8 Qc7 59. Ra8
Qe7 60. Rc8 Qd7 61. Qc3 Qe6 62. Kg1 Qh3 63. f4 Qe6 64. Kf2 Qb6+ 65. Kg2 Qb7+
66. Kf2 Qb6+ 67. Ke2 Qe6+ 68. Kd2 Qd5+ 69. Kc1 Qh1+ 70. Kc2 Qg2+ 71. Kb3 Qb7+
72. Ka4 Qa6+ 73. Kb3 Qb7+ 74. Kc2 Qg2+ 75. Kc1 Qh1+ 76. Kc2 Qg2+  1/2-1/2

[Event "2. Bundesliga Ost 2017/2018"]
[Site "alle Wien"]
[Date "2017.10.21"]
[Round "1"]
[Board "3"]
[White "Blohberger, Felix"]
[Black "Penz, Harald"]
[Result "1-0"]
[WhiteElo "2408"]
[BlackElo "2311"]
[PlyCount "67"]
[EventDate "2017.10.21"]
[EventType "team"]
[EventRounds "11"]
[EventCountry "AUT"]
[WhiteTeam "L.A. Kraftanlage Ottakring 2"]
[BlackTeam "SK Hietzing"]

1. Nf3 d5 2. g3 Nf6 3. Bg2 e6 4. O-O Be7 5. c4 O-O 6. b3 b6 7. cxd5 exd5 8. Bb2
c5 9. d4 Bb7 10. Nc3 Nbd7 11. dxc5 Nxc5 12. Nd4 Re8 13. Nf5 Bf8 14. b4 Nce4 15.
Nxe4 dxe4 16. Qc1 Re6 17. Rd1 Qb8 18. Qg5 Ne8 19. b5 h6 20. Qh4 Nd6 21. Rxd6
Bxd6 22. Nxg7 Rg6 23. Nf5 Bf8 24. Bxe4 Bxe4 25. Qxe4 Qe8 26. Qd4 f6 27. Qd5+
Kh7 28. Nh4 Rg5 29. Qd3+ Kg7 30. Nf5+ Kf7 31. Rc1 Qd8 32. Qb3+ Ke8 33. Qe6+ Be7
34. Nxe7  1-0

[Event "2. Bundesliga Ost 2017/2018"]
[Site "alle Wien"]
[Date "2017.10.21"]
[Round "1"]
[Board "4"]
[White "Vyskocil, Neklan"]
[Black "Steiner, Adam"]
[Result "0-1"]
[WhiteElo "2316"]
[BlackElo "2179"]
[PlyCount "180"]
[EventDate "2017.10.21"]
[EventType "team"]
[EventRounds "11"]
[EventCountry "AUT"]
[WhiteTeam "SK Hietzing"]
[BlackTeam "L.A. Kraftanlage Ottakring 2"]

1. d4 d5 2. c4 c6 3. cxd5 cxd5 4. Nc3 Nf6 5. Bf4 Nc6 6. e3 Bf5 7. Nf3 e6 8. Bb5
Nd7 9. O-O Rc8 10. Rc1 Be7 11. h3 O-O 12. a3 a6 13. Bxc6 Rxc6 14. Na4 Qc8 15.
Qd2 Rc2 16. Rxc2 Qxc2 17. Qxc2 Bxc2 18. Nc5 Nxc5 19. dxc5 Ba4 20. b4 Rc8 21.
Re1 f6 22. e4 dxe4 23. Rxe4 e5 24. Bd2 Rd8 25. Re3 Kf7 26. Bc3 Bb5 27. Nd2 Rd3
28. Nb3 Rxe3 29. fxe3 Bc6 30. Nd2 Ke6 31. e4 f5 32. exf5+ Kxf5 33. Kf2 h5 34.
Nc4 Bf6 35. Nd6+ Ke6 36. g3 Kd5 37. Ke3 Bg5+ 38. Ke2 Bc1 39. a4 Bxa4 40. Nxb7
Bb5+ 41. Kd1 Be3 42. Nd6 Bd7 43. Ke2 Bg5 44. Nf7 Bf6 45. h4 Be6 46. Ng5 Bf5 47.
Ke3 Kc4 48. Be1 Be7 49. Ne4 Kd5 50. Nc3+ Ke6 51. Ne4 Kd5 52. Nc3+ Ke6 53. Ne4
g6 54. Bd2 Bf8 55. Be1 Kd5 56. Nc3+ Kc4 57. Ne4 Bh6+ 58. Ng5 Bf8 59. Ne4 Bh6+
60. Ng5 Kd5 61. Bd2 Bf8 62. Be1 a5 63. bxa5 Bxc5+ 64. Ke2 Bg4+ 65. Kf1 e4 66.
Kg2 Kd4 67. a6 Kd3 68. Nf7 Ke2 69. Ba5 Bc8 70. Ne5 Bf5 71. Bc7 e3 72. g4 hxg4
73. Kg3 Kf1 74. Nxg4 e2 75. Nh2+ Ke1 76. Nf3+ Kd1 77. Ba5 Bc8 78. Kf4 Bxa6 79.
Kg5 Bd3 80. Ne5 Be3+ 81. Kf6 Be4 82. Nc4 Bf4 83. Nb2+ Kc2 84. Nc4 Kd3 85. Ne5+
Kc2 86. Be1 Kd1 87. Bf2 Be3 88. Bg3 Bd4 89. Ke6 Bxe5 90. Kxe5 Bf3  0-1

[Event "2. Bundesliga Ost 2017/2018"]
[Site "alle Wien"]
[Date "2017.10.21"]
[Round "1"]
[Board "5"]
[White "Steindl, Johannes"]
[Black "Djeno, Drago"]
[Result "1/2-1/2"]
[WhiteElo "2236"]
[BlackElo "2238"]
[PlyCount "154"]
[EventDate "2017.10.21"]
[EventType "team"]
[EventRounds "11"]
[EventCountry "AUT"]
[WhiteTeam "L.A. Kraftanlage Ottakring 2"]
[BlackTeam "SK Hietzing"]

1. e4 c5 2. Nf3 Nc6 3. d4 cxd4 4. Nxd4 Nf6 5. Nc3 g6 6. Nxc6 dxc6 7. Qxd8+ Kxd8
8. Bc4 Be6 9. Bxe6 fxe6 10. Bf4 Nd7 11. O-O-O Bg7 12. Ne2 Ke8 13. h4 Rf8 14.
Kb1 Ne5 15. f3 Nc4 16. Bc1 Be5 17. h5 Rd8 18. Rxd8+ Kxd8 19. hxg6 hxg6 20. b3
Nd6 21. Rh6 Rg8 22. Bb2 Bxb2 23. Kxb2 e5 24. Nc1 Kd7 25. Nd3 Ke6 26. a4 Kf6 27.
a5 Nf7 28. Rh1 Rd8 29. a6 b6 30. Nb4 Rd6 31. Kc1 e6 32. Rh7 c5 33. Nd3 g5 34.
Kd2 Kg6 35. Rh1 Kf6 36. Ke3 Rd8 37. Nb2 b5 38. Nd3 c4 39. Nc5 c3 40. Nd3 Rd6
41. Ra1 Rd4 42. Ra5 Nd6 43. Kf2 g4 44. Kg3 gxf3 45. gxf3 b4 46. Kf2 Nc4 47.
bxc4 Rxd3 48. Rb5 Rd2+ 49. Ke3 Rxc2 50. Rxb4 Ra2 51. Rb3 c2 52. Kd2 Kg5 53. Rc3
Rxa6 54. Kxc2 Kf4 55. c5 Rc6 56. Kb3 Kg3 57. Kc4 a6 58. Rd3 Rc8 59. Ra3 Rc6 60.
Rd3 Rc8 61. Rb3 Kf4 62. Ra3 Rc6 63. Rd3 Rc8 64. Rd6 Kxf3 65. Rxa6 Kxe4 66. Rxe6
Ra8 67. c6 Ra1 68. Kc5 Rc1+ 69. Kd6 Kd4 70. c7 e4 71. Re8 e3 72. c8=Q Rxc8 73.
Rxc8 e2 74. Re8 Kd3 75. Kd5 Kd2 76. Kd4 e1=Q 77. Rxe1 Kxe1  1/2-1/2

[Event "2. Bundesliga Ost 2017/2018"]
[Site "alle Wien"]
[Date "2017.10.21"]
[Round "1"]
[Board "6"]
[White "Belke, Frank"]
[Black "Bauer, Thomas"]
[Result "1-0"]
[WhiteElo "2299"]
[BlackElo "2168"]
[PlyCount "55"]
[EventDate "2017.10.21"]
[EventType "team"]
[EventRounds "11"]
[EventCountry "AUT"]
[WhiteTeam "SK Hietzing"]
[BlackTeam "L.A. Kraftanlage Ottakring 2"]

1. d4 Nf6 2. c4 g6 3. Nc3 Bg7 4. e4 d6 5. Nge2 O-O 6. Ng3 c5 7. d5 e6 8. Bd3
exd5 9. cxd5 Re8 10. O-O a6 11. a4 h5 12. Bg5 Qc7 13. h3 Nbd7 14. Qd2 Rb8 15.
Bh6 c4 16. Bxg7 Kxg7 17. Bc2 b5 18. axb5 axb5 19. Qg5 Nc5 20. f4 b4 21. e5 dxe5
22. f5 Qb6 23. Kh1 Nd3 24. Bxd3 cxd3 25. fxg6 Rh8 26. gxf7+ Kxf7 27. Nce4 Bg4
28. Rxf6+  1-0

[Event "2. Bundesliga Ost 2017/2018"]
[Site "alle Wien"]
[Date "2017.10.22"]
[Round "2"]
[Board "1"]
[White "Jankovic, Alojzije"]
[Black "Polak, Tomas"]
[Result "1/2-1/2"]
[WhiteElo "2568"]
[BlackElo "2503"]
[PlyCount "106"]
[EventDate "2017.10.21"]
[EventType "team"]
[EventRounds "11"]
[EventCountry "AUT"]
[WhiteTeam "SK Advisory Invest Baden"]
[BlackTeam "SK Hietzing"]

1. d4 Nf6 2. Nf3 e6 3. c4 Bb4+ 4. Bd2 Qe7 5. g3 Nc6 6. Nc3 O-O 7. Bg2 Na5 8. b3
b6 9. O-O Bb7 10. Qc2 Rac8 11. a3 Bxa3 12. e4 Bb4 13. e5 Ne8 14. Ng5 f5 15.
exf6 Nxf6 16. Bxb7 Nxb7 17. Rxa7 Na5 18. Re1 Bxc3 19. Bxc3 Nc6 20. Raa1 h6 21.
d5 hxg5 22. dxc6 dxc6 23. Qg6 g4 24. Ra2 Qf7 25. Qg5 Rcd8 26. Bxf6 Qxf6 27.
Qxg4 e5 28. Qe4 Qf3 29. Qxe5 Qxb3 30. Qe6+ Rf7 31. Ra7 Qf3 32. Qe3 Qxe3 33.
Rxe3 Rd2 34. Re8+ Kh7 35. Rc8 Rc2 36. Rcxc7 Rxc7 37. Rxc7 Rxc4 38. Kf1 b5 39.
Ke2 Rc2+ 40. Kd3 Rxf2 41. Rxc6 Rxh2 42. Rc5 Rb2 43. Kc3 Rg2 44. Rxb5 Rxg3+ 45.
Kd2 Rf3 46. Ke2 Rf4 47. Ke3 Rf1 48. Ke2 Rf6 49. Rb3 Rf5 50. Rh3+ Kg6 51. Ke3
Kf6 52. Rg3 Rg5 53. Rh3 Ke5  1/2-1/2

[Event "2. Bundesliga Ost 2017/2018"]
[Site "alle Wien"]
[Date "2017.10.22"]
[Round "2"]
[Board "2"]
[White "Pisk, Petr"]
[Black "Sharashenidze, Akaki"]
[Result "1/2-1/2"]
[WhiteElo "2333"]
[BlackElo "2351"]
[PlyCount "67"]
[EventDate "2017.10.21"]
[EventType "team"]
[EventRounds "11"]
[EventCountry "AUT"]
[WhiteTeam "SK Hietzing"]
[BlackTeam "SK Advisory Invest Baden"]

1. d4 d6 2. e4 Nf6 3. Nc3 e5 4. Nf3 Nbd7 5. g4 Nxg4 6. Rg1 Ngf6 7. Be3 c6 8.
Bc4 h6 9. Qe2 b5 10. dxe5 dxe5 11. Bb3 Qa5 12. O-O-O Ba6 13. Qd2 g6 14. Kb1 Qc7
15. a3 Rd8 16. Ba2 Rb8 17. b4 Bc8 18. Ne1 a5 19. Nd3 axb4 20. Nxb4 Bb7 21. f4
Bc5 22. Bxc5 Nxc5 23. fxe5 Qxe5 24. Qd6 Qxd6 25. Rxd6 Ke7 26. Rxc6 Rhc8 27.
Rxc8 Rxc8 28. e5 Nfe4 29. Nxb5 Ne6 30. Re1 Rc5 31. c4 Nd2+ 32. Ka1 Nxc4 33.
Bxc4 Rxc4 34. Nd6  1/2-1/2

[Event "2. Bundesliga Ost 2017/2018"]
[Site "alle Wien"]
[Date "2017.10.22"]
[Round "2"]
[Board "3"]
[White "Ly, Dominik"]
[Black "Penz, Harald"]
[Result "1/2-1/2"]
[WhiteElo "2286"]
[BlackElo "2311"]
[PlyCount "88"]
[EventDate "2017.10.21"]
[EventType "team"]
[EventRounds "11"]
[EventCountry "AUT"]
[WhiteTeam "SK Advisory Invest Baden"]
[BlackTeam "SK Hietzing"]

1. e4 e5 2. Nf3 Nf6 3. Nc3 Nc6 4. Bb5 Nd4 5. Bc4 Bc5 6. d3 d6 7. Na4 Qe7 8.
Nxc5 dxc5 9. h3 Bd7 10. Be3 O-O-O 11. Qd2 Kb8 12. O-O-O h6 13. Qa5 b6 14. Qa3
Nxf3 15. gxf3 Be6 16. Qb3 Bxc4 17. Qxc4 Nh5 18. a4 Qf6 19. Qb5 Ka8 20. a5 Nf4
21. b3 Ne2+ 22. Kb2 Nd4 23. Bxd4 Rxd4 24. axb6 Qxb6 25. Qxb6 axb6 26. Rdg1 g6
27. f4 exf4 28. Rg4 Rd6 29. Rxf4 f6 30. Rg1 g5 31. Rf5 Kb7 32. h4 Kc6 33. f4
gxh4 34. Rh1 Rg8 35. Rxh4 Rg2 36. Kc3 b5 37. Rxh6 b4+ 38. Kb2 Rxd3 39. Rfxf6+
Kb5 40. Rf8 Rc3 41. Rb8+ Ka5 42. Ra8+ Kb5 43. Rb8+ Ka5 44. Ra8+ Kb5  1/2-1/2

[Event "2. Bundesliga Ost 2017/2018"]
[Site "alle Wien"]
[Date "2017.10.22"]
[Round "2"]
[Board "4"]
[White "Vyskocil, Neklan"]
[Black "Dzierzenga, Stefan"]
[Result "1/2-1/2"]
[WhiteElo "2316"]
[BlackElo "2191"]
[PlyCount "39"]
[EventDate "2017.10.21"]
[EventType "team"]
[EventRounds "11"]
[EventCountry "AUT"]
[WhiteTeam "SK Hietzing"]
[BlackTeam "SK Advisory Invest Baden"]

1. d4 Nf6 2. c4 c5 3. d5 b5 4. cxb5 a6 5. bxa6 g6 6. Nc3 Bg7 7. Nf3 O-O 8. e4
Qa5 9. Bd2 Bxa6 10. Bxa6 Qxa6 11. Qe2 e6 12. Be3 exd5 13. exd5 d6 14. h3 Nbd7
15. Qxa6 Rxa6 16. O-O Nb6 17. Rad1 Na4 18. Nxa4 Rxa4 19. a3 Rb8 20. b4  1/2-1/2

[Event "2. Bundesliga Ost 2017/2018"]
[Site "alle Wien"]
[Date "2017.10.22"]
[Round "2"]
[Board "5"]
[White "Zojer, Stefan"]
[Black "Djeno, Drago"]
[Result "0-1"]
[WhiteElo "2128"]
[BlackElo "2238"]
[PlyCount "92"]
[EventDate "2017.10.21"]
[EventType "team"]
[EventRounds "11"]
[EventCountry "AUT"]
[WhiteTeam "SK Advisory Invest Baden"]
[BlackTeam "SK Hietzing"]

1. d4 Nf6 2. Nf3 g6 3. e3 Bg7 4. c4 c5 5. Nc3 O-O 6. Be2 cxd4 7. exd4 d6 8. O-O
a6 9. Bg5 Re8 10. Re1 Qa5 11. Qd2 Bg4 12. h3 Bxf3 13. Bxf3 Nc6 14. Be3 e5 15.
d5 Ne7 16. a3 Qc7 17. c5 Nf5 18. cxd6 Qxd6 19. Ne4 Nxe4 20. Bxe4 Nxe3 21. Qxe3
f5 22. Bc2 e4 23. Rab1 Rac8 24. Bb3 f4 25. Qd2 Kh8 26. Rbc1 Rxc1 27. Rxc1 e3
28. fxe3 fxe3 29. Qb4 Qg3 30. d6 Qf2+ 31. Kh1 e2 32. Qe1 Qd4 33. Bc4 Qxd6 34.
Bxe2 Bxb2 35. Rb1 Qe5 36. Qb4 Bc3 37. Qc4 b5 38. Qc6 Re6 39. Qa8+ Kg7 40. Rf1
Rf6 41. Bf3 Bb2 42. Rd1 Bxa3 43. Rd7+ Kh6 44. Qg8 Qe1+ 45. Kh2 Bd6+ 46. Rxd6
Qe5+  0-1

[Event "2. Bundesliga Ost 2017/2018"]
[Site "alle Wien"]
[Date "2017.10.22"]
[Round "2"]
[Board "6"]
[White "Belke, Frank"]
[Black "Trippold, Denise"]
[Result "1-0"]
[WhiteElo "2299"]
[BlackElo "2069"]
[PlyCount "131"]
[EventDate "2017.10.21"]
[EventType "team"]
[EventRounds "11"]
[EventCountry "AUT"]
[WhiteTeam "SK Hietzing"]
[BlackTeam "SK Advisory Invest Baden"]

1. d4 Nf6 2. c4 e6 3. Nc3 Bb4 4. Qc2 c5 5. dxc5 O-O 6. Nf3 Na6 7. Bg5 Nxc5 8.
e3 Nce4 9. Bd3 Bxc3+ 10. bxc3 Nxg5 11. Nxg5 h6 12. Ne4 Qc7 13. Nxf6+ gxf6 14.
Qe2 Qe5 15. Qg4+ Kh8 16. Qd4 b6 17. f4 Qxd4 18. cxd4 Ba6 19. Kd2 Rac8 20. Rac1
Rc7 21. Rc3 Rfc8 22. Rhc1 d6 23. Ra3 Bb5 24. Rc2 Bd7 25. g3 Kg7 26. Rcc3 Be8
27. Rcb3 Rd8 28. Ra6 Rdd7 29. a4 Re7 30. Ra3 Rb7 31. a5 b5 32. Rxd6 bxc4 33.
Bc2 Rec7 34. Kc3 f5 35. d5 Kf6 36. dxe6 fxe6 37. Rd4 Bb5 38. Ra1 Rc5 39. e4
fxe4 40. Bxe4 Rg7 41. a6 Rd7 42. Ra5 Rdc7 43. Kb4 c3 44. Rxb5 c2 45. Rxc5 Rxc5
46. Bxc2 Rxc2 47. Rd7 Rxh2 48. Rxa7 Ra2 49. Ra8 Ra1 50. Kb5 Rb1+ 51. Kc6 Kg7
52. Rd8 Ra1 53. Kb7 Rb1+ 54. Ka7 Rb3 55. Rd6 Kf6 56. Rb6 Rxg3 57. Kb7 Kf5 58.
a7 Rg7+ 59. Ka6 Rxa7+ 60. Kxa7 h5 61. Rb5+ Kg4 62. Rg5+ Kxf4 63. Rxh5 e5 64.
Kb6 e4 65. Kc5 e3 66. Kd4  1-0

[Event "2. Bundesliga Ost 2017/2018"]
[Site "alle Wien"]
[Date "2017.10.22"]
[Round "2"]
[Board "1"]
[White "Stanec, Nikolaus"]
[Black "Neubauer, Martin"]
[Result "1-0"]
[WhiteElo "2470"]
[BlackElo "2439"]
[PlyCount "107"]
[EventDate "2017.10.21"]
[EventType "team"]
[EventRounds "11"]
[EventCountry "AUT"]
[WhiteTeam "SC Donaustadt"]
[BlackTeam "L.A. Kraftanlage Ottakring 2"]

1. Nf3 d5 2. c4 e6 3. e3 Nf6 4. b3 c5 5. Bb2 Nc6 6. cxd5 exd5 7. Bb5 Bd6 8. O-O
O-O 9. h3 a6 10. Bxc6 bxc6 11. Be5 Bxe5 12. Nxe5 Qd6 13. d4 cxd4 14. exd4 c5
15. Nc3 Rb8 16. Re1 cxd4 17. Qxd4 Rb4 18. Qd2 Bb7 19. Nd3 Rh4 20. Qg5 Rh5 21.
Qf4 Qxf4 22. Nxf4 Rf5 23. Nfe2 Ne4 24. Nxe4 dxe4 25. Rac1 e3 26. fxe3 Rg5 27.
Nf4 a5 28. Rc7 Be4 29. Rd1 Re5 30. Rd4 g5 31. Nh5 Bg6 32. Nf6+ Kg7 33. Nd7 Re7
34. Nxf8 Rxc7 35. Nxg6 Kxg6 36. Rc4 Rd7 37. Kf1 Rd5 38. Ke2 f5 39. Rc6+ Kg7 40.
g4 h6 41. a4 Re5 42. Kf3 Rd5 43. Rb6 f4 44. exf4 Rd3+ 45. Ke4 Rxh3 46. fxg5
hxg5 47. Kf5 Rc3 48. Kxg5 Rc5+ 49. Kh4 Rc3 50. Kh5 Rd3 51. Rb7+ Kf6 52. g5+ Kf5
53. Rb5+ Ke6 54. Kg6  1-0